|
|
|
|
| LEADER |
01974nam a22003853i 4500 |
| 001 |
EBC5721779 |
| 003 |
MiAaPQ |
| 005 |
20240729202202.0 |
| 006 |
m o d | |
| 007 |
cr cnu|||||||| |
| 008 |
240729s2019 xx o ||||0 eng d |
| 020 |
|
|
|a 9789176851388
|q (electronic bk.)
|
| 035 |
|
|
|a (MiAaPQ)EBC5721779
|
| 035 |
|
|
|a (Au-PeEL)EBL5721779
|
| 035 |
|
|
|a (CaPaEBR)ebr11657194
|
| 035 |
|
|
|a (OCoLC)1089524662
|
| 040 |
|
|
|a MiAaPQ
|b eng
|e rda
|e pn
|c MiAaPQ
|d MiAaPQ
|
| 100 |
1 |
|
|a Jonnalagadda, Krishna Praveen.
|
| 245 |
1 |
0 |
|a Thermal Barrier Coatings :
|b Failure Mechanisms and Life Prediction.
|
| 250 |
|
|
|a 1st ed.
|
| 264 |
|
1 |
|a Linköping :
|b Linkopings Universitet,
|c 2019.
|
| 264 |
|
4 |
|c {copy}2019.
|
| 300 |
|
|
|a 1 online resource (75 pages)
|
| 336 |
|
|
|a text
|b txt
|2 rdacontent
|
| 337 |
|
|
|a computer
|b c
|2 rdamedia
|
| 338 |
|
|
|a online resource
|b cr
|2 rdacarrier
|
| 490 |
1 |
|
|a Linköping Studies in Science and Technology. Dissertations Series ;
|v v.1975
|
| 505 |
0 |
|
|a Intro -- Abstract -- Acknowledgments -- Appended papers -- Papers not included in the thesis -- Acronyms -- Contents -- 1 Introduction -- 2 Thermal Barrier Coatings -- 3 TBC Failure Mechanisms -- 4 Modeling -- 5 Experiments and Characterization -- 6 Summary of appended papers -- 7 Future work -- 8 Bibliography -- Appended papers.
|
| 588 |
|
|
|a Description based on publisher supplied metadata and other sources.
|
| 590 |
|
|
|a Electronic reproduction. Ann Arbor, Michigan : ProQuest Ebook Central, 2024. Available via World Wide Web. Access may be limited to ProQuest Ebook Central affiliated libraries.
|
| 655 |
|
4 |
|a Electronic books.
|
| 776 |
0 |
8 |
|i Print version:
|a Jonnalagadda, Krishna Praveen
|t Thermal Barrier Coatings
|d Linköping : Linkopings Universitet,c2019
|
| 797 |
2 |
|
|a ProQuest (Firm)
|
| 830 |
|
0 |
|a Linköping Studies in Science and Technology. Dissertations Series
|
| 856 |
4 |
0 |
|u https://ebookcentral.proquest.com/lib/matrademy/detail.action?docID=5721779
|z Click to View
|